000 00653nam a22002057a 4500
003 IT-MiCISF
005 20210113130654.0
008 210113b ||||| |||| 00| 0 eng d
040 _cIT-MiCISF
041 _ait
100 _aEuropean Commission, OECD
_958737
245 _aSettling 2018. Main indicators of immigrant integration
260 _aParis
_bEuropean Commission, OECD
_c2018
300 _ap. 32
500 _apopolazione, società-multiculturale, educazione, lavoro, abitazione, famiglia-migranti, salute, scuola, giovani
501 _aformato elettronico
650 _apopolazione
_956086
654 _aindagine
942 _2ddc
_cDD
999 _c359123
_d359123